|
|
|
|
| LEADER |
01243nam a2200385 4500 |
| 001 |
DLU090097722 |
| 005 |
##20091201 |
| 040 |
# |
# |
|a DLU
|b eng
|
| 041 |
# |
# |
|a eng
|
| 044 |
# |
# |
|a us
|
| 245 |
# |
# |
|a Improved planar amperometric nitric oxide sensor based on platinized platinum anode. 2. Direct real-time measurement of no generated from porcine kidney slices in the presence of l-arginine, l-arginine polymers, protamine /
|c Youngmi Lee ... [et al.].
|
| 653 |
# |
# |
|a Amperometry
|
| 653 |
# |
# |
|a Artiodactyla
|
| 653 |
# |
# |
|a Chemical sensors
|
| 653 |
# |
# |
|a Electrochemical detectors
|
| 653 |
# |
# |
|a Kidney
|
| 653 |
# |
# |
|a Mammalia
|
| 653 |
# |
# |
|a Nitric oxide
|
| 653 |
# |
# |
|a Plasma membrane
|
| 653 |
# |
# |
|a Vertebrata
|
| 700 |
# |
# |
|a Lee, Youngmi.
|
| 700 |
# |
# |
|a Meyerhoff, Mark E.
|
| 700 |
# |
# |
|a Rudich, Steven M.
|
| 700 |
# |
# |
|a Schreiner, Robert J.
|
| 700 |
# |
# |
|a Yang, Joseph.
|
| 773 |
# |
# |
|t Analytical Chemistry
|g Vol. 76, no. 3 (February 2004), p. 545-551
|
| 920 |
# |
# |
|a Phòng Tạp chí -- Trung tâm Thông tin - Thư viện Trường Đại học Đà Lạt
|
| 994 |
# |
# |
|a DLU
|
| 900 |
# |
# |
|a True
|
| 911 |
# |
# |
|a Trương Bảo Trâm Anh
|
| 925 |
# |
# |
|a G
|
| 926 |
# |
# |
|a A
|
| 927 |
# |
# |
|a BB
|
| 980 |
# |
# |
|a Thư viện Trường Đại học Đà Lạt
|